00523pam a2200133 a 4500020001700000040000800017082002600025100002300051245012000074260012000194300003300314650002300347700001900370 a185278461X : cDLC a330 ELG 1992 A108 Or.1 aCharemza, Wojciech10aNew directions in econometric practice :bgeneral to specific modelling, cointegration, and vector autoregression / aAldershot, Hants, England :bE. Elgar ;aBrookfield, VT, USA :bDistributed in the U.S. by Ashgate Pub. Co.,cc1992 axii, 370 p. :bill. ;c25 cm 0aEconometric models1 aDeadman, Derek